000 00366nam a2200145Ia 4500
008 151213s9999 xx 000 0 und d
100 _aJohn F.Danby
245 _aThe Simple words Worths
_cJohn F.Danby
260 _aLondon
_bRonttedge & kegampaul
_c1960
300 _a2117 p.
650 _aEnglish
650 _aEnglish
700 _aJohn F.Danby
999 _c1561
_d1561